La diabetes sacarina / (Record no. 81324)

MARC details
000 -LEADER
campo de control de longitud fija 00707nam a2200205 i 4500
001 - NÚMERO DE CONTROL
campo de control 81324
003 - IDENTIFICADOR DE NÚMERO DE CONTROL
campo de control ES-MaACL
005 - FECHA Y HORA DE LA ÚLTIMA TRANSACCIÓN
campo de control 20251012202800.0
007 - CAMPO FIJO DE DESCRIPCIÓN FÍSICA--INFORMACIÓN GENERAL
campo de control de longitud fija t|
008 - DATOS DE LONGITUD FIJA--INFORMACIÓN GENERAL
campo de control de longitud fija 041104s1921 sp ||||1| spa d
100 1# - ENTRADA PRINCIPAL--NOMBRE DE PERSONA
Nombre de persona Huertas y Barrero, Francisco.
9 (RLIN) 64578
245 13 - MENCIÓN DEL TÍTULO
Título La diabetes sacarina /
Mención de responsabilidad, etc. Francisco Huertas y Barrero ; con prólogo de Simón Hergueta y un apéndice sobre régimen de los diabéticos por Lorand (de Carlsbad).
260 ## - PUBLICACIÓN, DISTRIBUCIÓN, ETC.
Lugar de publicación, distribución, etc. Madrid :
Nombre del editor, distribuidor, etc. [s.n.],
Fecha de publicación, distribución, etc. 1921 (
Fabricante Tip. Moderna)
300 ## - DESCRIPCIÓN FÍSICA
Extensión 97 p. ;
Dimensiones 19 cm.
650 #4 - PUNTO DE ACCESO ADICIONAL DE MATERIA--TÉRMINO DE MATERIA
Término de materia o nombre geográfico como elemento de entrada Diabetes.
9 (RLIN) 135922
700 1# - ENTRADA AGREGADA--NOMBRE PERSONAL
Nombre de persona Hergueta y Martín, Simón,
Fechas asociadas al nombre 1852-1930
9 (RLIN) 62714
700 1# - ENTRADA AGREGADA--NOMBRE PERSONAL
Nombre de persona Lorand.
9 (RLIN) 74063
852 ## - LOCALIZACIÓN
Ubicación ES-MaACL
Número de control de estantería B-11666
Holdings
Estatus retirado Estado de pérdida Estado de daño No para préstamo Biblioteca de origen Biblioteca actual Ubicación en estantería Fecha de adquisición Fuente de adquisición Total de préstamos Signatura topográfica completa Código de barras Visto por última vez Precio de reemplazo Tipo de ítem Koha
        Biblioteca del Ateneo de Madrid Biblioteca del Ateneo de Madrid Sala Pardo Bazán 17/01/2008     B-11666 1085013 23/02/2023 23/02/2023 Libro impreso